000 00896nam a2200181 4500
005 20251022100745.0
008 251022b |||||||| |||| 00| 0 eng d
020 _a9781529233131
037 _cTextual
040 _aRTL
_cRTL
084 _qRTL
100 _aHollands, Robert G.
_9849090
245 _aBeyond the neoliberal creative city: Critique and alternatives in the urban cultural economy
260 _aBristol
_bBristol University press
_c2024
300 _axii, 231 p.
_bIncludes bibliographical reference and index
520 _aA buoyant, creative economy can be seen as the saviour of many cities, but behind such 'urban makeovers' lie serious problems such as widening inequalities and gentrification. Blending lively city case studies with broader theoretical debates, this book explores the opportunities for a more just and sustainable urban future
942 _2CC
_n0
_cTEXL
999 _c1464938
_d1464938